[Event "VII Sunway Sitges Open 2020"]
[Site "Sitges"]
[Date "2020.12.20"]
[Round "7.16"]
[White "Gines Esteo, Pedro Antonio"]
[Black "Jimenez Ruano, Adrian"]
[Result "0-1"]
[WhiteElo "2437"]
[BlackElo "2279"]
[Annotator "TA"]
[PlyCount "66"]
[EventDate "2020.12.13"]
[EventType "swiss"]
[EventCountry "ESP"]
[SourceTitle "playchess.com"]
[Source "ChessBase"]
[SourceQuality "1"]

{[%evp 9,66,4,10,8,23,-6,0,0,0,0,0,0,1,0,10,0,37,33,64,66,77,60,112,12,10,8,41,24,60,-21,17,5,14,-34,-16,-59,-38,-35,-14,-64,-73,-78,0,-26,-39,-10,-18,-26,-34,-45,-27,-109,-62,-450,-437,-436,-413,-29996,-29997]} 1. Nf3 Nf6 2. c4 e6 3. b3 b6 4. Bb2 Bb7 5. Nc3 d5 6. e3 {A13: English Opening: 1...e6.} Bd6 7. Qc2 a6 8. cxd5 {The position is equal.} exd5 9. d4 Nbd7 10. g3 O-O 11. Bg2 {[#]} Rc8 $146 ({Predecessor:} 11... Re8 12. O-O Rc8 13. Rfd1 Qe7 14. Rac1 Ne4 15. Bh3 Nxc3 16. Bxc3 Rcd8 17. b4 b5 {0-1 (41) Gledura,B (2626)-Sargsyan,S (2601) chess.com INT 2020}) 12. O-O c5 13. dxc5 bxc5 14. Rfd1 Qc7 15. Rac1 h6 ({Black should play} 15... Rfe8 $14) 16. Ne2 (16. Nh4 $16) 16... Qb8 17. Nh4 {next Nf5 is good for White.} Be5 18. Nf5 {And now Ne7+ would win.} Rfe8 19. Nf4 (19. f4 $14 Bc7 20. Qd2) 19... d4 20. Bxb7 Qxb7 21. exd4 Bxf4 22. gxf4 {Threatens to win with Nd6.} Qf3 23. Rd3 Qxf4 24. Rg3 Nh5 25. Rg2 Rc6 $40 {[%mdl 128] Black is up to no good.} (25... cxd4 $17 26. Ne7+ Rxe7 27. Qxc8+ {[%mdl 64] Double Attack} Kh7 28. Qc2+ (28. Qxa6 Qd2 $17) 28... g6) 26. d5 ({Avoid the trap} 26. dxc5 $2 Rxc5 27. Nxh6+ Qxh6 $19) 26... Rg6 27. Rxg6 $1 fxg6 28. Ng3 Qg5 {Hoping for ...Nf4.} 29. d6 Nf4 {White must now prevent ...Re2.} 30. Qc4+ (30. Rf1 $1 $11 {remains equal.}) 30... Kf8 {Strongly threatening ...Ne2+.} 31. Kh1 $2 {[%mdl 8192] [#]} (31. Rf1 $1 $15 Nb6 32. Qc2) 31... Re2 $1 $19 {[%mdl 512]} 32. Ba1 (32. Nxe2 Qg2#) 32... Rxf2 {( -> ...Ne2!)} 33. Re1 {[#]} (33. Qe4 $19 Kg8 34. Rc2 Rxc2 35. Qxc2 Qd5+ 36. Kg1) 33... Rxh2+ $1 {[%mdl 512] Weighted Error Value: White=0.61/Black=0.16} 0-1

[Event "VII Sunway Sitges Open 2020"]
[Site "Sitges"]
[Date "2020.12.20"]
[Round "7.17"]
[White "Boyer, Mahel"]
[Black "Dragnev, Valentin"]
[Result "1-0"]
[WhiteElo "2307"]
[BlackElo "2564"]
[Annotator "TA"]
[PlyCount "73"]
[EventDate "2020.12.13"]
[EventType "swiss"]
[EventCountry "ESP"]
[SourceTitle "playchess.com"]
[Source "ChessBase"]
[SourceQuality "1"]

{[%evp 15,73,0,10,0,1,-13,0,0,19,0,0,-22,-8,-23,0,0,0,-3,21,26,71,49,131,146,143,116,136,132,137,129,124,129,145,147,148,157,148,144,157,109,145,145,153,164,150,149,161,160,152,155,154,146,178,183,568,570,629,626,598,589]} 1. d4 Nf6 2. c4 e6 3. Nf3 d5 4. Nc3 Be7 5. g3 Nbd7 6. Bg2 O-O 7. O-O dxc4 8. a4 c6 9. a5 {E01: Catalan: Early deviations.} Nd5 10. Qc2 b5 11. axb6 $1 {[#] The position is equal.} N7xb6 $146 ({Predecessor:} 11... a5 12. Rd1 h6 13. e4 Nb4 14. Qe2 Qxb6 15. Be3 Qd8 16. h4 Ba6 17. Ne1 Qc7 {½-½ (30) Vinchev,S (2481)-Repp,H (2510) GER email 2018}) 12. Ne5 Nb4 13. Qb1 Bb7 14. Rd1 Qc8 15. Ne4 f6 16. Nf3 Rd8 17. Bd2 a5 18. Bh3 Kh8 ({Black should try} 18... c5 $14 19. Nxc5 (19. dxc5 f5 $15) 19... Bxc5 20. dxc5 Qxc5) 19. Nc5 $16 Bxc5 20. dxc5 {Black must now prevent Bxb4.} N6d5 21. Qe4 Re8 22. Qxc4 Ba6 23. Qe4 Qc7 24. Bxb4 f5 25. Qe5 ({Resist} 25. Bxa5 $6 fxe4 26. Bxc7 Bxe2 $14) 25... Qxe5 26. Nxe5 Nxb4 27. e4 fxe4 28. Rxa5 Be2 {[#]} 29. Rda1 $1 Rxa5 30. Rxa5 h6 31. Nf7+ Kh7 32. Nd6 {[%mdl 64] Double Attack} Re7 33. Ra4 Nd3 34. Rxe4 {[%mdl 64] [#] Double Attack} Bf3 $2 (34... Bh5 {is a better chance.} 35. Re3 (35. Rxe6 Rxe6 36. Bxe6 Nxc5 $16) (35. Bxe6 Ra7 $16) 35... Nxb2 36. Bf5+ (36. Bxe6 Kg6 $16) (36. Rxe6 Rxe6 37. Bxe6 Na4 $16) 36... g6) 35. Re3 $18 {[%mdl 64] Double Attack. White is clearly winning.} Ra7 {Black hopes to continue with ...Ra1+.} 36. Rxf3 ({Weaker is} 36. Rxd3 Ra1+ 37. Bf1 Be2 $16) 36... Ra1+ 37. Bf1 {Weighted Error Value: White=0.07/Black=0.27} 1-0

[Event "VII Sunway Sitges Open 2020"]
[Site "Sitges"]
[Date "2020.12.20"]
[Round "7.18"]
[White "Dalaud, Dorian"]
[Black "Garriga Cazorla, Pere"]
[Result "1/2-1/2"]
[WhiteElo "2291"]
[BlackElo "2487"]
[Annotator "TA"]
[PlyCount "148"]
[EventDate "2020.12.13"]
[EventType "swiss"]
[EventCountry "ESP"]
[SourceTitle "playchess.com"]
[Source "ChessBase"]
[SourceQuality "1"]

{[%evp 10,148,17,17,22,24,25,14,25,17,20,25,16,23,19,31,36,25,36,35,21,10,27,27,38,28,34,45,21,17,10,7,17,-19,0,0,15,10,18,-33,-27,-23,-22,-79,0,0,0,0,35,27,66,19,15,-73,-77,-71,-71,-77,-65,-97,0,0,0,0,124,140,110,111,116,115,117,0,41,0,0,0,0,-57,-32,-105,-99,-108,-35,-30,-28,-36,-39,-43,-38,-66,-18,-8,-6,-8,-8,-8,0,-8,-8,-8,-8,-8,0,-18,0,-8,0,0,0,0,0,0,0,0,0,0,0,0,0,0,7,8,8,0,7,0,0,2,8,8,8,0,0,0,0,0,0,0,0,0,8]} 1. e4 c5 2. Nc3 Nc6 3. Bb5 Nd4 4. Nf3 Nxb5 5. Nxb5 d6 6. d4 Nf6 {B23: Closed Sicilian: Lines without g3.} 7. Nc3 cxd4 8. Qxd4 e5 9. Qd3 h6 10. Nd2 Be6 11. Nc4 Rc8 12. Ne3 Qc7 13. O-O a6 14. Rd1 Be7 15. Bd2 Qc5 16. Be1 O-O 17. a4 Rfe8 18. a5 Qc6 {[#]} 19. Ncd5 $146 (19. f3 {keeps more tension.} Nh5 20. g3 Nf6 21. Bf2 Red8 22. g4) ({Predecessor:} 19. f3 Bc4 20. Nxc4 Qxc4 21. Ra4 Qc6 22. Bf2 Red8 23. Raa1 Qc4 24. Ra4 Qc6 25. Raa1 Rd7 26. Rd2 Bd8 27. Kf1 Qc4 28. Ra4 Qc6 29. Ra1 Qc4 30. Ra4 Qc6 {½-½ (29) Hansen,S (2325)-Milchev,N (2422) Copenhagen 2014}) 19... Bxd5 20. exd5 Qd7 21. c4 g6 22. b4 Bf8 23. Rac1 Nh5 24. Qa3 (24. g3 $11) 24... Nf4 $15 25. Rc2 e4 26. c5 (26. Qb3 $11) 26... Nd3 ({Black should try} 26... Red8 $1 $17) 27. c6 $1 $11 {[%cal Rc6d7]} bxc6 28. Qa4 {[%cal Rd5c6]} Qe7 {Hoping for ...cxd5.} ({Don't play} 28... Nxe1 $6 29. Rxe1 (29. dxc6 Nf3+ 30. gxf3 Qh3 $11) 29... Re5 30. Rec1 $16 (30. Rxc6 Rxd5 31. Rxc8 Qxa4 $11) (30. dxc6 Qe8 $16)) 29. dxc6 Qg5 30. c7 Re7 31. Qc6 (31. h4 $1 $11 {remains equal.} Qh5 32. Qb3) 31... Rcxc7 $17 32. Qxa6 Rxc2 33. Nxc2 d5 $1 34. Qb6 {[#]} Nf4 (34... d4 $1 $17 {[%mdl 512]} 35. Nxd4 (35. Qxd4 Nf4) 35... Qg4) 35. Ne3 $11 Re6 36. Qb5 d4 (36... Qf6 $11) 37. Qxg5 $16 hxg5 38. Nc4 Rc6 39. Ne5 Rc2 {[#]} 40. Ra1 (40. b5 $1 $16) 40... Nd5 {Strongly threatening ...Bg7.} 41. a6 Nc7 {Threatens to win with ...Bg7.} 42. a7 {And now Nd7 would win.} d3 $1 43. b5 (43. Kf1 $11) 43... Bc5 $1 $15 {[%cal Rc5a7]} 44. Nd7 ({White should play} 44. Kf1 $15) 44... Bxa7 $1 $17 45. Nf6+ ({Don't go for} 45. Rxa7 $2 {[#]} Rc1 $1 $19 {[%mdl 512]}) 45... Kg7 ({Better is} 45... Kf8 $17 46. b6 {[%mdl 64] Decoy} (46. Rxa7 $2 Rc1 $19) 46... Bxb6 47. Nd7+ Ke7 48. Nxb6 d2 49. Bxd2 Rxd2) 46. Nxe4 $15 Nxb5 {White must now prevent ...f5.} 47. Rd1 $1 g4 48. Kf1 $1 f5 49. Ng3 f4 50. Ne4 $1 {The position is equal.} Rc4 51. Rxd3 Rxe4 52. Rd5 {[#]} Bxf2 $1 53. Kxf2 $11 {[%mdl 4096] Endgame KRB-KRN} (53. Bxf2 Rb4) 53... Na3 54. Bc3+ Kf7 55. Rg5 Rc4 56. Be5 Ke6 57. Bb8 Rb4 58. Bc7 Kf6 59. Bd8+ Ke6 60. Rxg6+ Kf5 61. Rg5+ {Cut Off at move 61} Ke4 62. Rxg4 Rb2+ 63. Kg1 $1 {aiming for g3.} Nc4 64. Bc7 (64. Bf6 {seems wilder.} Rb1+ 65. Kf2 Kf5 66. Rh4 Rc1 67. Bg7) 64... Ne3 65. Rxf4+ Kd3 66. h4 Rxg2+ 67. Kh1 Rg4 68. h5 Rxf4 69. Bxf4 {KB-KN} Ng4 70. Kg2 Ke4 71. Bg5 Kf5 72. Bh4 Nf6 73. h6 Kg6 74. Bxf6 Kxh6 {Weighted Error Value: White=0.15/Black=0.15} 1/2-1/2

[Event "VII Sunway Sitges Open 2020"]
[Site "Sitges"]
[Date "2020.12.20"]
[Round "7.19"]
[White "Maurizzi, Marc Andria"]
[Black "Ootes, Lars"]
[Result "1-0"]
[WhiteElo "2445"]
[BlackElo "2373"]
[Annotator "TA"]
[PlyCount "64"]
[EventDate "2020.12.13"]
[EventType "swiss"]
[EventCountry "ESP"]
[SourceTitle "playchess.com"]
[Source "ChessBase"]
[SourceQuality "1"]

{[%evp 19,64,15,18,14,24,0,0,0,44,44,41,31,36,41,44,37,29,11,22,0,0,-88,0,0,0,0,0,-48,0,-6,64,23,40,32,75,4,61,61,67,33,29,31,35,25,74,0,156]} 1. d4 d6 2. g3 g6 3. Bg2 Bg7 4. Nf3 Nd7 5. c4 e5 6. Nc3 Ne7 7. O-O O-O 8. e4 exd4 9. Nxd4 Nc6 10. Nde2 Nc5 11. Be3 {A42: Modern Defence: Averbakh Variation.} a5 12. h3 a4 13. Nd4 {[#]} Bxd4 $146 (13... Na5 {with more complications.} 14. Qe2 b6 15. Rfd1 Bb7 16. Ndb5 Re8) ({Predecessor:} 13... Bd7 14. Re1 Re8 15. Rb1 Nb4 16. Kh2 h5 17. Re2 h4 18. g4 Ne6 19. Qd2 Bxd4 20. Bxd4 {½-½ (43) Harsha,B (2443)-Wen,Y (2608) Hanoi 2018}) 14. Bxd4 Be6 15. Nd5 {Strongly threatening Bf6.} Bxd5 16. cxd5 Nxd4 17. Qxd4 Qg5 18. Rac1 Rfe8 19. Rc3 Qe5 20. Qc4 (20. Qb4 $11) 20... Nxe4 ({Better is} 20... a3 $1 $17 21. f4 Qg7) 21. Re1 $11 {[%cal Re1e4]} f5 22. Qxc7 Qxd5 {And now ...Qd2 would win.} 23. Rcc1 Rad8 24. Qb6 Qf7 (24... Rc8 $11) 25. Bf1 (25. Bxe4 $5 fxe4 {[#]} 26. Rxe4 $1 $14 {[%mdl 512]}) 25... d5 26. Bb5 $36 {[%mdl 2112] [#] Double Attack. White has the initiative.} Qe6 27. Qd4 (27. Qc7 $16 Rf8 28. f3) 27... Rf8 ({Black should try} 27... Qe5 $11 28. Red1 Qxd4 29. Rxd4 Rc8 30. Rxc8 Rxc8) 28. Bxa4 $14 Qf6 29. Qxf6 Rxf6 30. Rc7 Rf7 31. Rec1 Rdf8 32. Bd7 (32. Bb3 $16 Nf6 33. f3) 32... Ng5 $2 {Weighted Error Value: White=0.27/Black=0.26} (32... Re7 $1 $11) 1-0

[Event "VII Sunway Sitges Open 2020"]
[Site "Sitges"]
[Date "2020.12.20"]
[Round "7.20"]
[White "Antova, Gabriela"]
[Black "Gatineau, Yovann"]
[Result "1/2-1/2"]
[WhiteElo "2247"]
[BlackElo "2423"]
[Annotator "TA"]
[PlyCount "62"]
[EventDate "2020.12.13"]
[EventType "swiss"]
[EventCountry "ESP"]
[SourceTitle "playchess.com"]
[Source "ChessBase"]
[SourceQuality "1"]

{[%evp 9,62,39,40,45,66,21,45,44,54,35,85,72,58,31,32,24,75,69,56,54,93,14,69,61,151,46,74,74,191,38,89,87,195,194,261,195,362,305,496,461,476,501,462,345,298,240,237,210,201,0,0,0,228,0,0]} 1. d4 f5 2. Nf3 Nf6 3. Bf4 d6 4. h3 h6 5. e3 g5 6. Bh2 {A80: Dutch Defence: Unusual White second moves.} Bg7 7. c4 e6 8. Nc3 {White is slightly better.} Qe7 9. Be2 Nc6 {[#]} 10. Rc1 $146 ({Predecessor:} 10. O-O O-O 11. Nd2 Bd7 12. Rb1 a5 13. Nb5 Rac8 14. Rc1 e5 15. Re1 Kh8 16. Qb3 {0-1 (47) Fernandez Cantalapiedra,I (1703)-Soham,D (2339) Linares 2019}) 10... O-O 11. a3 e5 12. c5 f4 (12... exd4 $11 {remains equal.} 13. cxd6 (13. Nxd4 Nxd4 14. cxd6 cxd6 $11) 13... cxd6 14. Nxd4 Nxd4 15. Qxd4 Ne4) 13. cxd6 cxd6 14. d5 Nd8 {[#]} 15. Nd2 (15. exf4 $1 $16 gxf4 16. O-O) 15... fxe3 (15... Bf5 $11) 16. fxe3 $14 h5 (16... g4 $14) 17. Nc4 (17. Nde4 $16) 17... g4 18. Bg3 $36 {[%mdl 2048] Black is under strong pressure.} Bh6 (18... b5 $16 {was called for.}) 19. Qb3 $2 (19. Bh4 $18) 19... gxh3 (19... Bd7 $14) 20. gxh3 $16 {And now Bh4 would win.} Kh8 (20... Ne8 $16) 21. Bh4 $18 Bf5 (21... b6 $142 22. Qc2 Nb7) 22. Qb4 Bg6 $2 (22... Qg7 23. Kd2 (23. Qxd6 Ne4 $16) (23. Nxd6 Bh7 $18) 23... Ne8 24. Bxh5 Qg2+ 25. Be2 Qg7) 23. Rf1 (23. Qxd6 Qxd6 24. Nxd6 Bxe3 $14) (23. Nxd6 $2 Bxe3 24. Na2 Bxc1 $19) 23... Kg7 $2 (23... Bg7 24. Qxd6 Qxd6 25. Nxd6 Kh7) 24. Kd2 Ne4+ 25. Nxe4 Qxh4 26. Rxf8 Qxe4 27. Qxd6 {[%mdl 64] [#] White wants to mate with Qf6+. Double Attack} Qd4+ 28. Ke1 {Intending Qf6+ and mate.} Qh4+ 29. Kd2 Qd4+ $1 30. Ke1 {Qf6+ would kill now.} Qh4+ 31. Kd2 $2 ({White should try} 31. Kd1 $18 Nf7 32. Rxf7+ (32. Rxa8 $2 {perishes.} Nxd6 33. Nxd6 Qxh3 $19) 32... Bxf7 33. Kd2 (33. Qxe5+ Qf6 $16) (33. Nxe5 Rd8 $11) 33... Qd4+ 34. Bd3) 31... Qd4+ $1 {Accuracy: White = 53%, Black = 45%.} 1/2-1/2

[Event "VII Sunway Sitges Open 2020"]
[Site "Sitges"]
[Date "2020.12.20"]
[Round "7.21"]
[White "Alvarez Albiol, Victor"]
[Black "Martin Duque, Jesus"]
[Result "0-1"]
[WhiteElo "2206"]
[BlackElo "2422"]
[Annotator "TA"]
[PlyCount "66"]
[EventDate "2020.12.13"]
[EventType "swiss"]
[EventCountry "ESP"]
[SourceTitle "playchess.com"]
[Source "ChessBase"]
[SourceQuality "1"]

{[%evp 13,66,41,38,22,30,10,17,11,31,16,21,0,11,2,12,4,11,0,0,-59,-62,-70,-57,-67,-74,-66,-62,-128,-93,-124,-89,-120,-92,-124,-113,-110,-95,-93,-87,-110,-89,-102,-102,-198,-129,-318,-324,-658,-647,-676,-685,-1072,-1054,-29997,-29998]} 1. e4 c5 2. Nf3 e6 3. d4 cxd4 4. Nxd4 Nc6 5. Nc3 Qc7 6. f4 Nxd4 7. Qxd4 a6 8. Be3 {B47: Sicilian: Taimanov: 5 Nc3 Qc7 6 f4, 6 g3 and 6 Be2.} b5 $1 {[%cal Bb7b5,Bb5b4][%mdl 32]} 9. O-O-O Bb7 10. Bd3 {The position is equal.} Rc8 11. Kb1 Nf6 12. h3 {[#]} b4 $146 ({Predecessor:} 12... d6 13. e5 dxe5 14. fxe5 Nd5 15. Nxd5 Bxd5 16. Qg4 Qa5 17. b3 g6 18. Rhf1 Bg7 {0-1 (40) Azarov,S (2572)-Bocharov,D (2574) Warsaw 2005}) 13. Na4 d5 {[%cal Rd5e4]} 14. e5 Nd7 $1 15. b3 Bc6 {[#] Threatens to win with ...Bxa4.} 16. Qa7 ({Don't go for} 16. Bxa6 $2 Ra8 $19) (16. f5 $1 $11 Bxa4 17. fxe6 fxe6 18. bxa4) 16... Bxa4 $15 17. bxa4 Bc5 $36 {[%mdl 2048] Black is pushing.} 18. Qxc7 Rxc7 19. Bd2 O-O 20. a5 (20. a3 $15) 20... Be7 21. Be3 Nc5 22. Bd4 Na4 23. Rde1 Bc5 24. Ba1 Nc3+ 25. Bxc3 bxc3 26. Kc1 Rb8 {Hoping for ...Bf2.} 27. Kd1 {[#]} Be3 $1 {[%mdl 512]} 28. f5 ({But not} 28. Bxh7+ $2 Kxh7 29. Ke2 Bxf4 $19) (28. g3 $17) (28. Rxe3 Rb1+) 28... exf5 ({Black should try} 28... Bf2 $19 29. Ref1 Bg3) 29. Bxf5 $2 (29. Ke2 $17 {might work better.} f4 30. Kf3) 29... Bd2 $19 30. Ref1 $2 (30. Ke2 Bxe1 31. Rxe1) 30... Re7 31. e6 {If White can now play Ke2 this consolidates a bit.} g6 32. Bg4 {If only White now had time for Rxf7....} f5 33. Bf3 Rxe6 {White got outplayed after the opening.  Weighted Error Value: White=0.76/Black=0.08} 0-1

[Event "VII Sunway Sitges Open 2020"]
[Site "Sitges"]
[Date "2020.12.20"]
[Round "7.23"]
[White "Svoboda, Vaclav"]
[Black "Exposito Amaro, Josue"]
[Result "1/2-1/2"]
[WhiteElo "2407"]
[BlackElo "2334"]
[Annotator "TA"]
[PlyCount "83"]
[EventDate "2020.12.13"]
[EventType "swiss"]
[EventCountry "ESP"]
[SourceTitle "playchess.com"]
[Source "ChessBase"]
[SourceQuality "1"]

{[%evp 16,83,26,23,23,13,19,14,14,7,52,54,124,111,118,41,48,49,50,53,84,80,76,76,111,111,120,124,123,115,137,109,95,96,87,94,68,0,99,89,111,19,18,24,25,9,21,21,27,11,11,0,0,-100,-9,-78,0,-86,-10,-82,-87,-137,0,0,0,0,0,0,0,0]} 1. d4 f5 2. g3 e6 3. Bg2 Nf6 4. Nf3 Be7 5. c4 d6 6. Nc3 O-O 7. O-O Ne4 8. Qc2 Nxc3 9. Qxc3 a5 {A96: Classical Dutch: Fluid Systems: Early deviations.} 10. Re1 Nc6 11. e4 e5 12. exf5 {[#]} exd4 $146 ({Predecessor:} 12... Bxf5 13. dxe5 dxe5 14. c5 Bf6 15. Be3 Kh8 16. Rad1 Qe8 17. Qb3 Nb4 18. Rd2 Be6 {1-0 (38) Krivoborodov,E (2519)-Pap,M (2493) Fuerth 2016}) 13. Nxd4 Nxd4 (13... Bf6 $1 $14 14. Nxc6 Bxc3 15. Nxd8 Bxe1 16. Bd5+ Kh8 17. Nf7+ Rxf7 18. Bxf7 Bxf5) 14. Qxd4 $16 Bxf5 15. Bf4 (15. Bh6 $16 {[%csl Gh6][%cal Rd4g7]} Bf6 16. Qd5+ {[%mdl 64] Double Attack} Kh8 17. Qxf5 gxh6 18. Be4 (18. Bxb7 Bc3 $11)) 15... Kh8 $14 16. Rad1 Bf6 17. Qd2 Qc8 18. Bg5 Bg4 {...Bxg5 is the strong threat.} 19. Rc1 Qf5 20. Bxf6 Qxf6 21. Rc3 ({Of course not} 21. Bxb7 $6 Rab8 $11) 21... Rab8 22. h3 Be6 23. Rf3 Qg6 24. Rxf8+ Rxf8 25. Qe2 Bd7 26. Qd2 (26. Bxb7 $14 c6 27. b3) 26... Qf6 (26... Be6 $11) 27. Re3 $16 b6 28. Qe2 ({White should play} 28. c5 $1 $16) 28... Qd8 $1 $11 29. Be4 h6 30. Qh5 {Strongly threatening Qg6.} Be8 31. Qg4 Qd7 32. Qh4 (32. Bd5 {with more complications.} Qd8 33. h4 Bd7 34. Qg6 Bf5 35. Qh5) 32... Bf7 33. Rf3 Re8 34. Qf4 (34. b3 $11) 34... Bg8 ({But not} 34... Qxh3 $2 35. g4 $18) (34... Bxc4 $17 35. Bg6 Re1+ 36. Kh2 Qe6) 35. h4 (35. Kh2 $11) 35... Qa4 (35... Bxc4 $17 36. Bg6 Re1+ 37. Kh2 Qe6) 36. Bg6 (36. b3 $1 $11 {remains equal.} Qxa2 37. Kg2) 36... Re1+ (36... Re6 $17 37. Bd3 Rf6) 37. Kg2 {[#]} (37. Kh2 $1 $11) 37... Qd1 $1 $17 {( -> ...Rg1+)} ({Don't blunder} 37... Qxa2 $2 38. Qd4 $18) 38. Rd3 {[#]} Rg1+ (38... Qe2 $1 $17 {[%cal Re2f1] aiming for ...Qf1+.} 39. Re3 Qf1+ 40. Kf3 Rxe3+ 41. Qxe3 Qxc4) 39. Kh2 $11 {The position is equal.} Rh1+ 40. Kg2 Rg1+ 41. Kh2 Rh1+ 42. Kg2 {Weighted Error Value: White=0.29/Black=0.29} 1/2-1/2

[Event "VII Sunway Sitges Open 2020"]
[Site "Sitges"]
[Date "2020.12.20"]
[Round "7.24"]
[White "Romanishin, Oleg M"]
[Black "Peycheva, Gergana"]
[Result "1/2-1/2"]
[WhiteElo "2402"]
[BlackElo "2257"]
[Annotator "TA"]
[PlyCount "59"]
[EventDate "2020.12.13"]
[EventType "swiss"]
[EventCountry "ESP"]
[SourceTitle "playchess.com"]
[Source "ChessBase"]
[SourceQuality "1"]

{[%evp 10,59,28,0,0,0,0,0,16,8,31,39,137,154,122,40,44,34,43,55,52,37,59,16,25,19,22,15,35,8,23,23,31,4,44,48,50,46,46,20,46,-14,53,9,52,9,51,-70,-50,-43,-44,-124]} 1. d4 {Ftacnik,L} d5 2. Nf3 Nf6 3. c4 e6 4. g3 dxc4 5. Bg2 a6 6. Ne5 Bb4+ {E04: Open Catalan: 5 Nf3.} 7. Nc3 {Qa4+ is the strong threat.} Nd5 8. Bd2 b5 {The position is equal.} 9. O-O Bxc3 10. bxc3 f6 (10... O-O $14) 11. e4 $16 {[%mdl 1024] White has strong compensation.} Ne7 {[#]} 12. Ng4 (12. Qh5+ $1 $16 g6 {[#]} 13. Nxg6 $1 {[%mdl 512]} Nxg6 14. f4) 12... c6 13. a4 {[#] Black must now prevent axb5.} Bb7 $146 ({Predecessor:} 13... O-O 14. axb5 cxb5 15. e5 Nd5 16. exf6 gxf6 17. Ne3 Nc6 18. Nxd5 exd5 19. Re1 Rf7 {1-0 (31) Fominyh,A (2515)-Sveshnikov,E (2580) Elista 1995 CBM 050 [Ftacnik,L]}) 14. Ne3 O-O $1 15. Qb1 Qc7 16. Bc1 Re8 17. Ba3 Nd7 18. Rd1 Rab8 19. h4 Nb6 20. Qc2 Rbd8 21. Bb4 Kh8 (21... f5 $5) 22. Ba5 Nec8 23. Rab1 Qf7 24. Kh2 Rd7 25. Ra1 (25. axb5 $14 cxb5 26. Ra1) 25... Qg6 (25... Nxa4 $11 26. Nxc4 c5) 26. Bh3 h6 27. f4 {Threatening Bxe6!} Qf7 (27... Nxa4 $5 {[%cal Rc8d6]} 28. Bxe6 Rxe6 $11) 28. Bg2 ({White should try} 28. axb5 $14 cxb5 29. Re1) 28... Nxa4 $15 29. Rxa4 bxa4 30. Qxa4 {Weighted Error Value: White=0.28/Black=0.16} (30. Bb4 $1 $15) 1/2-1/2

[Event "VII Sunway Sitges Open 2020"]
[Site "Sitges"]
[Date "2020.12.20"]
[Round "7.25"]
[White "Kanov, Nikola"]
[Black "Ayats Llobera, Gerard"]
[Result "0-1"]
[WhiteElo "2079"]
[BlackElo "2400"]
[Annotator "TA"]
[PlyCount "72"]
[EventDate "2020.12.13"]
[EventType "swiss"]
[EventCountry "ESP"]
[SourceTitle "playchess.com"]
[Source "ChessBase"]
[SourceQuality "1"]

{[%evp 22,72,18,0,0,8,9,0,0,0,0,0,0,11,0,-91,-11,-140,0,-162,-170,-217,-141,-270,-246,-302,-292,-262,-200,-464,-295,-367,-179,-238,-248,-308,-263,-691,-643,-623,-609,-905,-905,-876,-860,-1539,-1439,-2291,-2319,-1904,-1814,-2076,-1826]} 1. e4 c5 2. Nf3 Nc6 3. d4 cxd4 4. Nxd4 Nf6 5. Nc3 e6 6. Nxc6 bxc6 7. e5 Nd5 8. Ne4 Qc7 9. f4 Qb6 10. c4 Bb4+ 11. Ke2 f5 12. exf6 Nxf6 {B45: Sicilian Four Knights.} 13. Be3 Qd8 $1 14. Nd6+ Bxd6 {The position is equal.} 15. Qxd6 Bb7 16. Rd1 Rc8 17. Rg1 c5 {[#]} 18. Qe5 $146 ({Wrong is} 18. Bxc5 $2 Ne4 $19) (18. g4 $11 {remains equal.}) ({Predecessor:} 18. g4 Qc7 19. f5 Qxd6 20. Rxd6 Ke7 21. Rd3 Ba6 22. b3 d5 23. g5 Ne4 24. fxe6 {½-½ (36) Bacrot,E (2673)-Van Foreest,J (2682) Linares 2020}) 18... Qa5 ({Black should play} 18... O-O $17 {...Ng4 is the strong threat.} 19. g4 (19. Bxc5 Ng4 $17) 19... Qe7) 19. a3 (19. g4 $1 $11 Qa4 20. g5) 19... Qa4 (19... O-O $17 20. g4 Rf7) 20. Rc1 $2 (20. Ke1 $1 $11) 20... O-O $1 $19 21. g4 Kh8 22. Ke1 (22. b4 $17) 22... Ne4 23. Rd1 {[#]} d6 $1 {[%cal Rd6e5]} 24. Qh5 Qa5+ 25. Ke2 $2 (25. Bd2 Nxd2 26. Rxd2) 25... Qb6 (25... Qa4 $2 26. Ke1 $19) 26. Bc1 d5 (26... Qb3 $142 {And now ...Qc2+ would win.} 27. Ke1 {[#]} Rxf4 $1 {[%mdl 512]} 28. Bxf4 Qf3) 27. Qe5 (27. Bg2 {was the only defense.} Qb3 28. Bxe4 dxe4 29. Be3) 27... Rcd8 28. Bg2 {intending Bxe4.} Nd6 ({Stronger than} 28... Qb3 29. Bxe4 dxe4 30. Qc3 $11) 29. cxd5 $2 (29. Kf2) 29... exd5 {Black is clearly winning.} 30. Kf2 Rde8 31. Qh5 c4+ 32. Kg3 g6 33. Qg5 Nf7 34. Qh4 {[#]} Re3+ $1 {[%mdl 512]} 35. Bf3 {[#]} (35. Bxe3 Qxe3+) 35... g5 $1 {[%mdl 512]} 36. Qh3 (36. fxg5 Rxf3+) 36... gxf4+ {Black took control after the opening.  Weighted Error Value: White=1.05/Black=0.23} 0-1